000 00328nam a2200145Ia 4500
999 _c14137
_d14137
003 OSt
005 20260323152711.0
008 260210s9999 xx 000 0 und d
020 _a9787532615032
082 _a747.885
100 _aRihan
245 0 _aTrends of Interior Office, Vol. 6
260 _bRihan
942 _cBDES
_2ddc